[Event "Modbury Championship"]
[Site "Modbury"]
[Date "2007.05.11"]
[Round "1.1"]
[White "Chilman, Alan"]
[Black "Maric, Milan"]
[Result "1-0"]
[Annotator "Fritz 10"]
[BlackElo "1354"]
[EventCountry "AUS"]
[EventDate "2007.06.02"]
[EventRounds "9"]
[EventType "swiss"]
[PlyCount "110"]
[WhiteElo "1792"]

{ D94: Grünfeld: 4 Nf3 Bg7 5 e3 } 1. d4 Nf6 2. c4 g6 3. Nc3 d5 4. e3 a6 5. Nf3
Bg7 6. Be2 O-O 7. O-O c6 8. b3 Bf5 ( 8... b5 9. Bb2 Nbd7 10. Rc1 Bb7 11. Rc2
Rc8 12. Qa1 dxc4 13. bxc4 b4 14. Nb1 c5 15. Rd1 cxd4 16. exd4 Be4 17. Rcc1 Nb6
18. Nbd2 Na4 19. a3 b3 20. Nxe4 Nxe4 21. Bd3 Nec5 22. Bf1 Rb8 23. Rb1 {
Spraggett,K  ( 2565 ) -Murey,J  ( 2530 ) /France 1993/TD/0-1  ( 32 )}  )( 8...
Bg4 9. Bb2 e6 10. Ne5 Bxe2 11. Qxe2 Ne4 12. Rfd1 Nxc3 13. Bxc3 Nd7 14. e4 Re8
15. Rac1 Qe7 16. Bb2 Rad8 17. Nxd7 { 1/2-1/2 Hakki,I  ( 2447 ) -Ignatiadis,K  (
2248 ) /Athens 2006/CBM 113 ext}  )9. Bd3 $146 ( 9. Bb2 Nbd7 ( 9... Ne4 10. Rc1
Nxc3 11. Bxc3 Nd7 12. cxd5 cxd5 13. Qd2 Rc8 14. Ba5 b6 15. Bb4 Nb8 16. Ne5 f6
17. Nd3 Qd7 18. Ba3 Qb7 19. Nf4 g5 20. Nh5 Rxc1 21. Rxc1 Rc8 22. g4 Be6 23.
Nxg7 Kxg7 24. h3 { Cifuentes Parada,R  ( 2496 ) -Campora,D  ( 2503 ) /Dos
Hermanas 2001/CBM 083/0-1  ( 40 )}  )10. Nh4 b5 11. cxd5 cxd5 12. g4 Be6 13. f4
Nb6 14. a3 Ne4 15. f5 Bc8 16. Ng2 e6 17. fxe6 Bxe6 18. Nf4 Qg5 19. Kh1 Bd7 20.
Nxe4 dxe4 21. a4 Nd5 22. Nxd5 Qxd5 23. Bc3 Rac8 { Khurtsidze,N  ( 2472 )
-Stefanova,A  ( 2444 ) /Batumi 1999/CBM 073 ext/1-0  ( 41 )}  )9... Bxd3 10.
Qxd3 Nbd7 11. Re1 ( 11. Bb2 Re8 $14 )11... Re8 ( 11... e5 12. cxd5 Nxd5 $11
)12. e4 ( 12. Bb2 $5 $14 $142 { is noteworthy} )12... e5 $15 13. dxe5 $2 ( 13.
exd5 $142 { is a viable option}  13... exd4 14. Rxe8+ Qxe8 15. Na4 $15 )13...
dxe4 $19 14. Nxe4 Nxe5 ( 14... Nxe4 $5 15. Bb2 f5 16. exf6 Ndxf6 17. Qc2 $19
)15. Nxe5 ( 15. Qxd8 Raxd8 16. Nxf6+ Bxf6 17. Nxe5 Bxe5 $17 )15... Rxe5 ( 15...
Nxe4 $5 16. Bb2 Rxe5 $19 )16. Qxd8+ Rxd8 17. Nxf6+ Bxf6 18. Be3 Rxe3 19. fxe3
Bxa1 20. Rxa1 { A rook endgame occured}  20... Rd2 21. Kf1 ( 21. c5 Kf8 $17
)21... Kf8 22. e4 Ke7 23. h3 h5 24. Re1 ( 24. a3 $5 $17 $142)24... Rxa2 $19 25.
Re2 $4 { White crumbles in face of a dire situation}  ( 25. Re3 Ke6 $19 )25...
Ra1+ ( 25... Rxe2 $142 { secures victory}  26. Kxe2 Kd6 $19 )26. Kf2 Rd1 27.
Re3 a5 ( 27... Ke6 28. e5 $19 )28. Ke2 ( 28. g4 $5 hxg4 29. hxg4 Rd4 $19 )28...
Rd4 29. c5 ( 29. Kf3 Ke6 $19 )29... Ke6 30. Kf3 g5 31. Kg3 ( 31. Rc3 Ke5 $19
)31... f6 ( 31... Ke5 { makes it even easier for Black}  32. Kh2 $19 )32. Kf3
$6 { puts up no strong fight}  ( 32. h4 $19)32... Ke5 33. g3 ( 33. Rc3 { does
not solve anything}  33... Rxe4 34. Rd3 h4 $19 )33... Rd1 ( 33... g4+ { and
Black can already relax}  34. hxg4 hxg4+ 35. Kf2 Rd2+ 36. Ke1 $19 )34. Rc3 (
34. Ke2 { doesn't change the outcome of the game}  34... Rh1 35. Kf2 Rh2+ 36.
Kf1 Rb2 $19 )34... Rf1+ ( 34... Rd2 $5 $142 { keeps an even firmer grip}  35.
Ke3 Rh2 36. Rc4 Rxh3 37. Kf2 Rh2+ 38. Ke1 $19 )35. Ke2 Rh1 36. g4 ( 36. Kf2 {
is no salvation}  36... Kxe4 37. h4 gxh4 38. gxh4 Rh2+ 39. Kf1 Rb2 $19 )36...
h4 37. Rf3 ( 37. Kf2 { hardly improves anything}  37... Kd4 38. Rc4+ Kd3 $19
)37... Kxe4 38. Rxf6 Rxh3 39. b4 ( 39. Rf5 { a fruitless try to alter the
course of the game}  39... Rxb3 40. Rxg5 h3 $19 )39... axb4 40. Rf5 ( 40. Kd1
$19 { is still a small chance} )40... b3 41. Kd2 Rg3 ( 41... Rf3 42. Rxf3 Kxf3
43. Kc3 $19 )42. Rxg5 Kf4 43. Rg7 Rxg4 ( 43... Rg2+ $142 { seems even better} 
44. Kc1 b2+ 45. Kb1 $19 )44. Rxb7 ( 44. Rh7 $19 { is the last straw} )44...
Rg2+ 45. Kc1 Rc2+ ( 45... b2+ $142 { it becomes clear that Black will call all
the shots}  46. Kb1 h3 47. Rf7+ Ke4 48. Rh7 $19 )46. Kd1 Rxc5 ( 46... Rc3 {
makes it even easier for Black}  47. Kd2 Rxc5 48. Rxb3 $19 )47. Rxb3 ( 47. Rb4+
{ doesn't get the cat off the tree}  47... Kg3 48. Rxb3+ Kg2 49. Rb2+ Kf1 $19
)47... Rg5 ( 47... Rh5 { might be the shorter path}  48. Rh3 $19 )48. Rc3 c5 (
48... Rh5 $5 $142 { keeps an even firmer grip}  49. Rc4+ Kf3 50. Rc3+ Ke4 51.
Rxc6 $19 )49. Ke1 Kg4 ( 49... Rf5 $142 { and Black wins}  50. Kf2 Ke4+ 51. Ke2
Re5 $19 )50. Kf2 h3 ( 50... Rh5 $19 $142)51. Kg1 $4 { the pressure is too much,
White crumbles}  ( 51. Rc4+ $5 Kh5 52. Rc3 $19 )51... Kf4+ ( 51... Rf5 $142 {
and Black can already relax}  52. Kh2 Rh5 $19 )52. Kh2 $4 { White falls apart} 
( 52. Kf2 $142 Rg2+ 53. Kf1 $19 )52... Rh5 53. Rc1 Ke4 54. Kg3 ( 54. Rc3 {
cannot change destiny}  54... Kd4 55. Rc1 c4 56. Rd1+ Ke3 $19 )54... h2 55. Rh1
( 55. Re1+ { doesn't do any good}  55... Kd3 56. Rd1+ Ke3 57. Re1+ Kd2 $19
)55... Ke3  1-0

[Event "Modbury Championship"]
[Site "Modbury"]
[Date "2007.05.25"]
[Round "1.2"]
[White "Watters, Daniel"]
[Black "Jelic, Mato"]
[Result "0-1"]
[Annotator "Fritz 10"]
[BlackElo "1707"]
[EventCountry "AUS"]
[EventDate "2007.06.02"]
[EventRounds "9"]
[EventType "swiss"]
[PlyCount "62"]
[WhiteElo "1340"]

{ A04: Unusual lines after 1 Nf3 and King's Indian Attack } 1. Nf3 c5 2. g3 g6
3. Bg2 Bg7 4. O-O e5 5. d3 Ne7 6. e4 $146 ( 6. Nbd2 O-O 7. c3 Nbc6 8. Re1 d6 9.
Rb1 Rb8 10. b4 Nd5 11. Qb3 Nxc3 12. bxc5 Nxb1 13. Qxb1 dxc5 14. Ba3 b6 15. Nc4
Be6 16. Nfd2 Qd7 17. Qb5 Nd4 18. Qa6 b5 19. e3 Nc2 20. Bxc5 Nxe1 { Mateos
Moreno,J-Rivera Kuzawka,D  ( 2364 ) /Navalmoral 1999/CBM 073 ext/0-1}  )( 6. c4
O-O $14 )6... O-O 7. Bg5 ( 7. Nc3 d6 $11 )7... h6 { Black threatens to win
material: h6xg5}  8. Be3 d6 { Controls c5}  9. Qd2 Kh7 10. h4 Nbc6 11. c3 {
Consolidates b4+d4}  11... Bg4 12. Nh2 { White threatens to win material:
Nh2xg4}  12... Be6 13. g4 ( 13. h5 gxh5 14. f4 f5 $15 )13... Qd7 ( 13... f5 14.
f3 $17 )14. f3 ( 14. g5 $5 { deserves consideration}  14... hxg5 15. hxg5 $15
)14... f5 $17 15. gxf5 ( 15. Qe2 $5 $17)15... gxf5 16. f4 Ng6 17. Nf3 ( 17.
fxe5 Nxh4 18. exd6 $19 )17... fxe4 18. dxe4 Nxf4 19. Bxf4 ( 19. Kh2 Rf6 $19
)19... Rxf4 20. Qd3 Bh3 $4 { stumbles just before the finish line}  ( 20... Rg8
$5 $142 { seems even better}  21. Nbd2 $19 )21. Ng5+ $4 { lets it slip away}  (
21. Bxh3 $142 { the advantage is on the side of White}  21... Qe7 22. Nbd2 $18
)21... hxg5 $19 22. Bxh3 Rxf1+ 23. Qxf1 g4 24. Bg2 Rf8 25. Qe2 Bf6 ( 25... Ne7
26. h5 $19 )26. Qf2 ( 26. Nd2 Bxh4 27. Rf1 Rg8 $19 )26... Ne7 27. Nd2 ( 27. Na3
Ng6 28. Qf5 Qxf5 29. exf5 Nf4 $19 )27... Ng6 28. h5 ( 28. Qf5 Qxf5 29. exf5 Nf4
$19 )28... Nf4 29. Rf1 ( 29. Nf1 { praying for a miracle}  29... Bg5 30. Qc2
$19 )29... Bg5 ( 29... Qf7 { might be the shorter path}  30. Ra1 Qxh5 31. Re1
$19 )30. Kh1 ( 30. Qe1 { cannot change what is in store for ?}  30... Qf7 31.
Nf3 gxf3 32. Bxf3 Qf6 $19 )30... Qe8 31. Nc4 ( 31. Bf3 { is one last hope} 
31... Nd3 32. Qh2 Bxd2 33. Be2 $19 )31... Qxh5+ ( 31... Qxh5+ 32. Bh3 Kg7 $19 )
0-1

[Event "Modbury Championship"]
[Site "Modbury"]
[Date "2007.05.11"]
[Round "1.3"]
[White "Anderson-Smith, William"]
[Black "Sanders, Michael J"]
[Result "1-0"]
[Annotator "Fritz 10"]
[BlackElo "1296"]
[EventCountry "AUS"]
[EventDate "2007.06.02"]
[EventRounds "9"]
[EventType "swiss"]
[PlyCount "73"]
[WhiteElo "1629"]

{ D53: Queen's Gambit Declined: 4 Bg5 Be7: Early deviations } 1. d4 d5 2. c4 e6
3. Nc3 Nf6 4. Nf3 Be7 5. Bg5 Nbd7 6. e3 dxc4 7. Bxc4 Nb6 { Black threatens to
win material: Nb6xc4}  ( 7... a6 8. Rc1 b5 9. Bb3 Bb7 10. O-O O-O 11. Qe2 c5
12. Rfd1 c4 13. Bc2 Nd5 14. Bxe7 Nxc3 15. Bxh7+ Kxh7 16. Qc2+ Be4 17. Ng5+ Kg8
18. Nxe4 Qxe7 19. Nxc3 Rfd8 20. f4 Nf6 21. Ne4 Nd5 22. Ng5 { Paciencia,E  (
2483 ) -Irwanto,S  ( 2362 ) /Surabaya 2002/CBM 089 ext/0-1  ( 54 )}  )8. Bd3
$146 ( 8. Bb3 Nbd5 9. Qe2 Nxc3 10. bxc3 Bd7 11. e4 O-O 12. O-O Rc8 13. Rad1 Qe8
14. e5 Nd5 15. Bd2 Bb5 16. c4 Ba6 17. Qe4 Nb6 18. Rc1 c5 19. dxc5 Bxc5 20. Ng5
{ 1-0 Dragovic,A  ( 2269 ) -Radulovic,S/Sutomore 2004/CBM 102 ext}  )8... Nfd5
9. Bxe7 Qxe7 10. O-O Nxc3 11. bxc3 c5 12. Qe2 Bd7 13. Rfd1 ( 13. Ne5 O-O $16
)13... Nd5 ( 13... O-O 14. Rdb1 $14 )14. Qd2 ( 14. Rdc1 Bc6 $16 )14... cxd4 (
14... Ba4 15. Re1 $14 )15. exd4 Qa3 ( 15... Ba4 $5 16. Re1 Rc8 $16 )16. c4 $18
Nb4 17. Be2 Ba4 ( 17... Nc6 18. d5 Nd8 19. Ne5 $18 )18. Rdc1 Bc6 ( 18... Nc6
19. d5 $18 )19. Rcb1 a5 ( 19... Na6 20. d5 Bd7 21. Rxb7 $18 )20. Rb3 Qa4 21.
Ne5 Be4 22. Bd1 f6 ( 22... O-O 23. Qe2 Bf5 $18 )23. Rd3 Qxd1+ ( 23... Nc2 {
what else?}  24. Bxc2 Qb4 $18 )24. Qxd1 ( 24. Rxd1 { keeps an even firmer grip}
 24... fxe5 25. Rg3 O-O $18 )24... fxe5 ( 24... O-O { doesn't change anything
anymore}  25. Re3 Bc2 26. Qd2 fxe5 27. Rxe5 $18 )25. Rg3 ( 25. Re3 $5 $142 {
seems even better}  25... Bf5 26. Qa4+ Ke7 27. Rxe5 Rad8 $18 )25... O-O-O 26.
Qa4 b6 ( 26... Nc6 { is not much help}  27. dxe5 Rd7 28. h3 $18 )27. d5 ( 27.
Qb5 { and White can already relax}  27... Rxd4 28. Qxb6 Rhd8 29. Qc5+ Kb7 30.
Rxg7+ R4d7 31. Rxd7+ Rxd7 32. Qxe5 Bf5 33. Qxa5 Nc6 34. Qb5+ Kc7 $18 )27...
exd5 ( 27... Rd6 { doesn't get the bull off the ice}  28. c5 Rxd5 29. a3 $18
)28. Rc1 ( 28. a3 $5 $142 { makes it even easier for White}  28... dxc4 29.
axb4 Rd6 30. bxa5 Bc6 31. Qxc4 b5 $18 )28... d4 29. a3 ( 29. c5 $142 { might be
the shorter path}  29... g6 $18 )29... Bc6 ( 29... Na2 { the only chance to get
some counterplay}  30. Re1 Nc3 31. Rxc3 dxc3 32. Rxe4 Rd6 33. Rxe5 Rhd8 $18
)30. Qb3 d3 ( 30... e4 { does not improve anything}  31. axb4 a4 32. Qa3 $18
)31. axb4 a4 32. Qc3 { White prepares c5}  32... e4 33. b5 Bb7 34. c5 Kb8 35.
c6 ( 35. Qe5+ Rd6 36. Qxd6+ Ka8 37. Rc4 Bc6 38. Rxa4+ Kb7 39. Qxc6+ Kb8 40.
Ra8# )35... Rc8 36. Rxg7 ( 36. Qe5+ Ka7 37. Ra1 Bxc6 38. Rxg7+ Bd7 39. Rxd7+
Rc7 40. Qxc7+ Ka8 41. Rxa4# )36... Ba8 ( 36... Bxc6 { is not the saving move} 
37. Qe5+ Ka8 38. Ra1 Bxb5 39. Qxe4+ Rc6 40. Rxa4+ Bxa4 41. Qxa4+ Kb8 42. Qa7+
Kc8 43. Qa8# )37. Qe5+ ( 37. Qe5+ Rc7 38. Qxc7# ) 1-0

[Event "Modbury Championship"]
[Site "Modbury"]
[Date "2007.05.11"]
[Round "1.4"]
[White "De Jong, George"]
[Black "Staak, Eric"]
[Result "0-1"]
[Annotator "Fritz 10"]
[BlackElo "1461"]
[EventCountry "AUS"]
[EventDate "2007.06.02"]
[EventRounds "9"]
[EventType "swiss"]
[PlyCount "90"]
[WhiteElo "1261"]

{ C01: French: Exchange Variation } 1. e4 e6 2. Nf3 d5 3. exd5 exd5 4. d4 Bg4 5.
Be2 Bd6 6. h3 ( 6. c3 c6 ( 6... Ne7 7. Nbd2 Nbc6 8. O-O Qd7 9. b4 O-O 10. Ne5
Bxe2 11. Nxd7 Bxd1 12. Nxf8 Bg4 13. h3 Bf5 14. g4 Bd3 15. Nd7 Bxf1 16. Kxf1 b6
17. b5 Na5 18. Ne5 Bxe5 19. dxe5 Ng6 20. Nf3 Nc4 21. a4 { Sepic,A-Kruljac,P  (
2096 ) /Sveti Filip i Jakov 2006/CBM 111 ext/0-1  ( 48 )}  )7. O-O Ne7 8. Re1
O-O 9. Ne5 Bxe2 10. Qxe2 Ng6 11. Nxg6 hxg6 12. Nd2 Nd7 13. Nf3 Re8 14. Qxe8+
Qxe8 15. Rxe8+ Rxe8 16. Bd2 Nf6 17. Re1 Rxe1+ 18. Nxe1 { 1/2-1/2 Malisauskas,V 
( 2530 ) -Gausel,E  ( 2485 ) /Norway 1992/TD}  )6... Bh5 7. Nc3 $146 ( 7. O-O
Ne7 8. Ne5 Bxe2 9. Qxe2 O-O ( 9... Nd7 10. Nd2 O-O 11. Ndf3 Re8 12. Qd3 f6 13.
Ng4 Ng6 14. Ne3 c6 15. c3 Ndf8 16. b3 Bc7 17. Ba3 Nf4 18. Qd2 N8g6 19. c4 Qd7
20. Ng4 h5 21. Ngh2 Re4 22. Rfe1 Rae8 23. cxd5 cxd5 24. Re3 { Martin
Botella,D-Ramos Santana,M  ( 2067 ) /Las Palmas 2005/CBM 109 ext/0-1}  )10. Re1
( 10. Bf4 Re8 11. Qf3 Bxe5 12. Bxe5 Ng6 13. Bg3 c6 14. Nd2 Nd7 15. Nb3 Nf6 16.
Nc5 Ne4 17. Rfd1 Qb6 18. b4 Re7 19. c3 Qb5 20. a4 Qc4 21. Nxe4 Rxe4 22. Kh2
Rae8 23. b5 R8e6 24. bxc6 Rxc6 { Aldrovandi,A  ( 2220 ) -Bukal,V  ( 2396 )
/Lido Estensi 2003/CBM 094 ext/0-1  ( 38 )}  )10... Nbc6 11. Nf3 Ng6 12. c3 a6
13. Be3 Qd7 14. Nh2 Rae8 15. Qf1 f5 16. f3 Rxe3 17. Rxe3 Bf4 18. Re2 Qd6 19. g3
Bxg3 20. Nd2 Nf4 21. Rg2 Nxh3+ { Maldonado,M-Fiorucci,M  ( 2176 ) /La Pampa
2001/CBM 085 ext/1/2-1/2}  )7... c6 { Covers b5}  8. O-O Ne7 9. Bg5 { White has
an active position}  ( 9. Re1 O-O $11 )9... f6 { Black threatens to win
material: f6xg5}  10. Bh4 ( 10. Be3 O-O $11 )10... O-O $15 { Black castles and
improves king safety}  11. Nh2 ( 11. Bd3 Na6 $15 )11... Bg6 $17 12. Nf3 Nd7 13.
Bg3 $2 ( 13. Bd3 Re8 $15 )13... Nf5 ( 13... Bxg3 $142 { would have given Black
a clear advantage}  14. fxg3 Nf5 $19 )14. Bxd6 $11 Nxd6 15. Nh2 ( 15. Re1 Qc7
$11 )15... b5 ( 15... Qb6 16. b3 $15 )16. a3 a5 17. Bg4 a4 { This push gains
space}  18. Nf3 $4 ( 18. Be6+ $142 { this is the best bet to save the position}
 18... Kh8 19. Ne2 $15 )18... f5 $19 19. Ne5 fxg4 ( 19... Nxe5 $5 $142 { makes
it even easier for Black}  20. dxe5 fxg4 21. exd6 gxh3 22. g3 $19 )20. Nxg6 (
20. Nxc6 Qe8 21. Re1 Qf7 22. Qxg4 Qxf2+ 23. Kh2 Bf5 24. Ne7+ Kh8 25. Nxf5 Nxf5
$19 ( 25... Rxf5 $143 26. Re7 Rf7 27. Rxd7 Rxd7 28. Qxd7 $16 )( 25... Qxf5 $6
26. Qxf5 Rxf5 27. Re6 $19 ))20... hxg6 21. Qxg4 Qe8 22. Rfe1 Qf7 23. f3 ( 23.
Re2 Nc4 24. Qe6 Rfc8 25. Qxf7+ Kxf7 $19 )23... Nf5 24. Qf4 Nf6 ( 24... Nb6 $142
{ might be the shorter path}  25. Na2 g5 26. Qxg5 Nxd4 27. Rad1 $19 )25. Kf2 $2
( 25. g4 Nh6 $19 )25... Rad8 ( 25... Nh5 $5 $142 { and Black can already relax}
 26. Qg4 Rae8 27. Na2 $19 )26. Rad1 Nd6 ( 26... Rde8 $19 $142 { makes it even
easier for Black} )27. b3 $4 { sad, but how else could White save the game?}  (
27. Kg1 $19)27... axb3 ( 27... Nfe4+ $1 { might be the shorter path}  28. Nxe4
Qxf4 29. Nxd6 Qxd6 30. bxa4 bxa4 31. Rd3 $19 )28. cxb3 ( 28. Qc1 { does not
solve anything}  28... Nfe4+ 29. Nxe4 dxe4 30. Re3 $19 )28... Nh5 ( 28... Nfe4+
$1 $142 { nails it down}  29. Nxe4 Qxf4 30. Nxd6 Qxd6 $19 )29. Qxf7+ Rxf7 30.
a4 Kf8 ( 30... Ra8 31. Re5 $19 )31. axb5 ( 31. g3 Ra8 $19 )31... Nxb5 32. Nxb5
cxb5 33. Rc1 Re7 ( 33... Nf4 $5 34. Re3 $19 )34. Rxe7 Kxe7 35. b4 $2 ( 35. Rc5
b4 $19 )35... Kd6 ( 35... Nf4 { keeps an even firmer grip}  36. Rc7+ Rd7 37.
Rc8 $19 )36. g3 ( 36. Ra1 Nf4 37. Ra6+ Kc7 38. Ra7+ Kb6 $19 )36... Rd7 ( 36...
Ra8 $5 $142 { seems even better}  37. Rc5 Ra2+ 38. Ke1 Nxg3 39. Rxb5 $19 )37.
Rc5 Rb7 38. g4 $2 ( 38. Rc8 $19)38... Nf4 39. Rc3 ( 39. Rc8 { cannot change
what is in store for ?}  39... g5 $19 )39... Nxh3+ 40. Kg3 Ng5 41. Kh4 ( 41.
Ra3 { does not save the day}  41... Ne6 42. Ra6+ Kd7 $19 )41... Ne6 42. Rd3 (
42. Ra3 { does not win a prize}  42... Nxd4 43. Kg5 Nc6 $19 )42... Rc7 43. Kg3
( 43. Ra3 { cannot undo what has already been done}  43... Rc4 $19 )43... Rc4
44. f4 ( 44. Kf2 { does not help much}  44... g5 $19 )44... Rxd4 45. Rxd4 ( 45.
Rb3 { doesn't improve anything}  45... Nxf4 46. Rb2 Ke5 $19 )45... Nxd4  0-1

[Event "Modbury Championship"]
[Site "Modbury"]
[Date "2007.05.11"]
[Round "1.5"]
[White "Wynne, David"]
[Black "Hill, Victor"]
[Result "1-0"]
[Annotator "Fritz 10"]
[BlackElo "1216"]
[EventCountry "AUS"]
[EventDate "2007.06.02"]
[EventRounds "9"]
[EventType "swiss"]
[PlyCount "51"]
[WhiteElo "1444"]

{ B02: Alekhine's Defence: Chase Variation and lines with early Nc3 } 1. e4 Nf6
2. e5 Nd5 3. c4 Nb6 4. d4 ( 4. Nf3 d6 5. exd6 cxd6 6. b3 Bg4 7. Bb2 Nc6 8. Be2
d5 9. d3 e6 10. O-O Be7 11. Bxg7 Rg8 12. Bb2 Bf6 13. Nc3 Bh3 14. Ne1 Bd4 15.
Kh1 Qf6 16. cxd5 Bxc3 17. Bxc3 Qxc3 18. dxc6 Qxe1 { Schmittdiel,E  ( 2450 )
-Schulze,U  ( 2410 ) /Germany 1994/GER-chT2/1/2-1/2  ( 48 )}  )4... Nc6 5. a4
$146 ( 5. d5 Nxe5 6. Bf4 ( 6. c5 Nbc4 7. Qd4 d6 8. Bxc4 Nxc4 9. Qxc4 g6 10. Qd4
Rg8 11. Nc3 a6 12. Nf3 dxc5 13. Qxc5 e5 14. Qc4 Bd6 15. O-O b5 16. Qe2 f6 17.
Nd4 Kf7 18. Nc6 Qd7 19. f4 exf4 20. Bxf4 Re8 { Diaz,J-Powalla,K/Germany
1995/GER/1-0}  )6... f6 7. Nc3 d6 8. Bxe5 fxe5 9. Nf3 e6 10. Be2 exd5 11. Nxd5
Nxd5 12. Qxd5 c6 13. Qe4 g6 14. O-O Be6 15. Rad1 Qf6 16. b3 Be7 17. h3 O-O 18.
Rfe1 Bf5 19. Qe3 Rad8 { Fmbishop-IceBox/FICS INT 2001/CBM 080 ext/1-0  ( 40 )} 
)( 5. Nf3 d5 6. c5 Nd7 7. Nc3 e6 8. Bd3 Be7 9. a3 Nf8 10. b4 Bd7 11. b5 Nb8 12.
Be3 Ng6 13. O-O O-O 14. Qc2 c6 15. a4 Kh8 16. g3 f5 17. exf6 Rxf6 18. Bxg6 Rxg6
19. Ne5 Rf6 { Zupancic,J  ( 1543 ) -Sambo,P  ( 1661 ) /Nova Gorica 2006/CBM 110
ext/1/2-1/2  ( 59 )}  )( 5. d5 $5 Nb4 6. Nf3 $16 )5... d6 6. a5 Nd7 7. e6 fxe6
8. Nf3 h6 $2 { Secures g5}  ( 8... Nf6 $5 $14 { should be examined more
closely} )9. Qc2 ( 9. d5 exd5 10. cxd5 Nce5 $18 )9... Nf6 ( 9... Kf7 10. d5
exd5 11. cxd5 $18 )10. Qg6+ $18 Kd7 11. Bd3 Qe8 12. Qg3 ( 12. O-O $5 $18)12...
g5 ( 12... Nh5 $142 13. Qh3 Nb4 $16 )13. h4 { White threatens to win material:
h4xg5}  ( 13. O-O $5 $142 Nh5 14. Qh3 $14 )13... Qh5 $11 14. Be3 ( 14. Nc3 g4
15. Nd2 Nxd4 16. b4 $17 )14... Nb4 $17 15. Kd2 $2 ( 15. Ra3 Rg8 16. Nbd2 gxh4
17. Qxh4 Nxd3+ 18. Rxd3 $17 )15... Nxd3 16. Kxd3 Qg6+ 17. Ke2 Nh5 { Black
threatens to win material: Nh5xg3}  ( 17... g4 $5 $142 18. Nfd2 Nh5 $19 )18.
Qg4 $15 { Black has a cramped position. Black's piece can't move: c8}  18...
Nf6 { Black threatens to win material: Nf6xg4}  19. Qh3 $4 { gives the opponent
new chances}  ( 19. Qg3 $11 $142 { and White has air to breath} )19... Qc2+ (
19... g4 $142 { ends the debate}  20. Qg3 gxf3+ 21. Qxf3 Rg8 $19 )20. Nfd2 $17
Ne4 ( 20... Qxb2 $5 21. Na3 Ne4 $17 )21. hxg5 ( 21. Nc3 $142 Nxd2 22. Bxd2 $11
)21... Nxd2 $4 { throwing away the advantage}  ( 21... Qxb2 22. gxh6 Kd8 $11
)22. Nxd2 $16 Qg6 $2 ( 22... h5 $16 $142)23. Qh5 $18 Qg7 ( 23... Qg8 24. gxh6
c6 25. h7 $18 )24. gxh6 Qh7 ( 24... Qg8 { a fruitless try to alter the course
of the game}  25. h7 Qg7 26. Rh4 $18 )25. g4 Kc6 ( 25... Rg8 $18 { no good, but
what else?} )26. Qb5#  1-0

[Event "Modbury Championship"]
[Site "Modbury"]
[Date "2007.05.18"]
[Round "2.1"]
[White "Maric, Milan"]
[Black "Anderson-Smith, William"]
[Result "1/2-1/2"]
[Annotator "Fritz 10"]
[BlackElo "1629"]
[EventCountry "AUS"]
[EventDate "2007.06.02"]
[EventRounds "9"]
[EventType "swiss"]
[PlyCount "82"]
[WhiteElo "1354"]

{ C02: French: Advance Variation } 1. e4 e6 2. d4 d5 3. e5 c5 4. c3 Nc6 5. Nf3
Qb6 6. a3 cxd4 7. cxd4 Bd7 8. Be2 Nh6 9. b4 Nf5 { d4 becomes the focus of
attention}  10. Bb2 Rc8 ( 10... Be7)11. g4 $146 { White threatens to win
material: g4xf5}  ( 11. h3 Na5 12. O-O Nc4 13. Bxc4 Rxc4 14. Nbd2 Rc8 15. Qb3
Be7 16. Rac1 O-O 17. Rfe1 f6 18. g4 Nh6 19. exf6 gxf6 20. Qe3 Nf7 21. Nb3 Kh8
22. Nc5 Bxc5 23. dxc5 Qd8 24. g5 e5 25. gxf6 d4 { Gallego,G-Lopez Ortiz,J  (
2029 ) /Villa Carlos Paz 2004/CBM 102 ext/0-1  ( 31 )}  )11... Nh6 { Black
threatens to win material: Nh6xg4}  12. h3 { Black has a cramped position} 
12... Be7 13. Nc3 { White prepares b5}  13... O-O 14. Rc1 ( 14. Na4 Qd8 $11
)14... f6 { Controls g5}  ( 14... Na5 $5 $17)15. b5 { White threatens to win
material: b5xc6}  ( 15. exf6 $5 Bxf6 16. Na4 $14 )15... Na5 $11 16. Na4 Rxc1 {
Black pins: Rc1xd1}  17. Bxc1 { Black has a cramped position}  17... Qc7 18.
Bxh6 ( 18. exf6 $5 { looks like a viable alternative}  18... Rxf6 19. Ne5 $11
)18... gxh6 $17 19. exf6 Bxf6 ( 19... Bxa3 20. O-O Nc4 21. Bxc4 dxc4 $17 (
21... Qxc4 $143 22. Ne5 Qc7 23. f7+ Kg7 24. Qd3 $14 ))20. Ne5 $4 ( 20. Nc5 $15
$142 { was possible} )20... Bxe5 $19 21. dxe5 Qxe5 22. O-O Qc7 ( 22... Nb3 $1
$142 { and the result of the game is clear: Black will win}  23. Qe1 Qd4 $19
)23. Qd2 $15 { White threatens to win material: Qd2xh6}  23... Nc4 24. Qxh6 Qf4
( 24... Bxb5 $142 25. Qxe6+ Qf7 26. Qxf7+ Kxf7 $15 )25. g5 $4 ( 25. Qxf4 Rxf4
26. Nc5 Bc8 27. Bxc4 dxc4 $11 )25... Nd6 { Black threatens to win material:
Nd6xb5}  ( 25... Nd2 $142 { it becomes clear that Black will call all the
shots}  26. Nc5 Nxf1 27. Qxf8+ Kxf8 28. Nxd7+ Ke7 29. Kxf1 Kxd7 $19 )26. Nc5
$11 { The backward pawn on e6 becomes a target. White threatens to win
material: Nc5xd7}  26... Nf5 { Black threatens to win material: Nf5xh6}  27.
Qh5 ( 27. Nxe6 $5 $142 { would allow White to play on}  27... Nxh6 28. Nxf4
Rxf4 29. gxh6 Bxh3 30. Rc1 $11 )27... Be8 $17 28. Qg4 Nd4 $4 { hands over the
advantage to the opponent}  ( 28... Qd6 $142 29. Qb4 Qe7 $17 )29. Nxe6 $16 Nxe6
30. Qxe6+ Bf7 31. Qg4 { White threatens to win material: Qg4xf4}  ( 31. Qe3 Qd6
32. Qxa7 b6 $16 )31... Qe5 32. Bd3 Be6 ( 32... Bg6 33. Bxg6 hxg6 34. Qg3 $14
)33. Qh4 { White has a mate threat}  ( 33. Qg3 Qxg3+ 34. fxg3 Rc8 $16 )33...
Qg7 ( 33... Rf3 $5 $142 { should be investigated more closely}  34. Qh5 Rxd3
35. Qe8+ Kg7 36. Qe7+ Kh8 37. Qe8+ Kg7 38. Qe7+ Kh8 39. Qe8+ Kg7 $11 )34. Re1
Bf5 35. Re3 Bxd3 36. Rxd3 Rf5 37. f4 ( 37. Rg3 $5 $16)37... Qa1+ $11 38. Kg2
Qb2+ { Black forks: g2+b5}  39. Kf3 Qxb5 40. Re3 Qf1+ 41. Kg3 Qg1+  1/2-1/2